Sveitsi-visa - Statistics

Yleistilastot
  • Tätä visaa on pelattu 554 kertaa
  • Keskiarvotulos 12 / 24
Vastaustilastot
Vinkki Vastaus % Oikein
Pääkaupunki Bern
98%
Viralliset kielet Saksa
98%
Viralliset kielet Ranska
96%
Viralliset kielet Italia
91%
Väkirikkain kaupunki Zürich
79%
Stereotyyppinen kello, jonka on sisällä lintu Käkikello
75%
Valuutta Frangi
70%
Suurimmat kellojen valmistajat Rolex
64%
Alppilaulanta Jodlaus
63%
Suurin järvi {Geneven}järvi
59%
Viralliset kielet Retoromaani
57%
Menestynein tennispelaaja Roger Federer
51%
Sveitsi on jaettu 26:n tällaiseen Kantoni
49%
Kuuluisa vuori Zermattin lähellä Matterhorn
47%
Legendaarinen hahmo, joka ampui omenan poikansa pään päältä Wilhelm Tell
44%
Kaupunki, jossa Kansainvälisen olympiakomitean päämaja sijaitsee Lausanne
35%
Pisin joki Rein
34%
Suurin elintarvikevalmistaja Nestlé
29%
Suurimmat kellojen valmistajat Omega
19%
Olympialaisten isäntäkaupunki St. Moritz
19%
Filosofi, joka inspiroi Ranskan vallankumousta Jean-Jacques Rousseau
12%
Suurimmat pankit Credit Suisse
11%
Sveitsin naisellinen henkilöitymä, jota kutsutaan myös Sveitsin äidiksi. Helvetia
10%
Suurimmat pankit UBS
9%
Ehtoja vastaavia visoja ei löytynyt
Tulosjakauma
Jokaisen tuloksen saaneiden osuus
Persentiili vastausten määrän mukaan
Tuloshistoriasi
Et ole pelannut tätä visaa